000 00310nam a2200145Ia 4500
100 _aSharma.P.C
942 _cBK
366 _f15
654 _aProduction technology
245 _aProduction technology
260 _bS.Chand & C0
_aNewDelhi
_c2003
082 _a671/SHA
300 _a739
546 _aENGLISH
999 _c17772
_d17772